LAW AND MEDICINE (Record no. 8742)

MARC details
000 -LEADER
fixed length control field 00469nam a22001817a 4500
005 - DATE AND TIME OF LATEST TRANSACTION
control field 20250415124147.0
008 - FIXED-LENGTH DATA ELEMENTS--GENERAL INFORMATION
fixed length control field 250411b |||||||| |||| 00| 0 eng d
020 ## - INTERNATIONAL STANDARD BOOK NUMBER
ISBN 978-93-84961-33-6
041 ## - LANGUAGE CODE
Language code of text/sound track or separate title eng
082 ## - DEWEY DECIMAL CLASSIFICATION NUMBER
Classification number 344.540 ADH- L
100 ## - MAIN ENTRY--AUTHOR NAME
Personal name ADHIKARI, DR NANDITA
245 ## - TITLE STATEMENT
Title LAW AND MEDICINE
250 ## - EDITION STATEMENT
Edition statement 4TH ED. RE-PRINT . 2023
260 ## - PUBLICATION, DISTRIBUTION, ETC. (IMPRINT)
Place of publication PRAYAGRAJ
Name of publisher CENTRAL LAW PUBLICATION
300 ## - PHYSICAL DESCRIPTION
Number of Pages 584;P
650 ## - SUBJECT ADDED ENTRY--TOPICAL TERM
Topical Term LEGAL STUDIES
942 ## - ADDED ENTRY ELEMENTS (KOHA)
Koha item type Books
Holdings
Lost status Damaged status Collection code Home library Current library Shelving location Date acquired Source of acquisition Cost, normal purchase price Full call number Accession Number Koha item type
    Reference JRU Library JRU Library SHELF-1-C 10/04/2025 PURCHASE 430.00 344.540 4 28659 Books
    LAW JRU Library JRU Library SHELF-30-D 10/04/2025 PURCHASE 430.00 344.540 4 28660 Books
    LAW JRU Library JRU Library SHELF-30-D 10/04/2025 PURCHASE 430.00 344.540 4 28661 Books